<?xml version="1.0" encoding="UTF-8"?>
<collection xmlns="http://www.loc.gov/MARC21/slim">
  <record>
    <leader>00000nam  2200000   4500</leader>
    <controlfield tag="001">INLIS000000000020015</controlfield>
    <controlfield tag="005">20250514114938</controlfield>
    <datafield tag="035" ind1="#" ind2="#">
      <subfield code="a">0010-0525000098</subfield>
    </datafield>
    <controlfield tag="007">ta</controlfield>
    <controlfield tag="008">250514################g##########0#ind##</controlfield>
    <datafield tag="020" ind1="#" ind2="#">
      <subfield code="a">979 686 309 X</subfield>
    </datafield>
    <datafield tag="082" ind1="#" ind2="#">
      <subfield code="a">611.81</subfield>
    </datafield>
    <datafield tag="084" ind1="#" ind2="#">
      <subfield code="a">611.81 SAN r</subfield>
    </datafield>
    <datafield tag="100" ind1=" " ind2="#">
      <subfield code="a">Santoso, AM Rukky</subfield>
    </datafield>
    <datafield tag="245" ind1="1" ind2="#">
      <subfield code="a">Right Brain :</subfield>
      <subfield code="b">Mengembangkan Kemampuan Otak Kanan untuk Kehidupan yang Lebih Berkualitas /</subfield>
      <subfield code="c">AM Rukky Santoso</subfield>
    </datafield>
    <datafield tag="250" ind1="#" ind2="#">
      <subfield code="a">Cetakan ke 4</subfield>
    </datafield>
    <datafield tag="260" ind1="#" ind2="#">
      <subfield code="a">Jakarta :</subfield>
      <subfield code="b">Gramedia Pustaka Utama,</subfield>
      <subfield code="c">2003</subfield>
    </datafield>
    <datafield tag="300" ind1="#" ind2="#">
      <subfield code="a">196 halaman :</subfield>
      <subfield code="b">ilus ;</subfield>
      <subfield code="c">20 cm</subfield>
    </datafield>
    <datafield tag="650" ind1="#" ind2="4">
      <subfield code="a">Otak</subfield>
    </datafield>
    <datafield tag="520" ind1="#" ind2="#">
      <subfield code="a">Siapa pun tentu berharap mendapat julukan manusia yang rasional, yang logis. Kita, atau tepatnya masyarakat pada umumnya, menganggap pola demikian adalah pola yang sempurna dan penting untuk menghadapi realitas hidup sehari-hari. Kita tidak pernah membayangkan adanya pola berpikir yang lain.&#13;
Saking rasional dan logisnya, kita jadi sulit untuk melihat, apalagi memahami, hal-hal supernatural. Kita selalu mencari bukti dan pembenaran lewat akal sehat, padahal banyak hal jelas-jelas tidak dapat diterangkan secara rasional. Akibatnya, kita sering tegang, stress, karena tidak bisa mencerna realitas supernatural itu.&#13;
Apakah rasionalitas dan kelogisan itu salah? Jelas tidak! Tapi ada sesuatu yang terlewatkan. Ketegangan hidup dan ketidakmampuan mencerna realitas supernatural timbul karena pola pikir kita tidak seimbang. Selama ini, kita terlalu banyak menggunakan belahan otak kiri dan mengabaikan peran penting belahan otak kanan. Mengaktifkan dan memberdayakan belahan otak kanan akan banyak membantu kita menghayati hidup yang lebih bermakna dan bermutu.&#13;
Right Cerebral Hemisphere adalah bagain belahan otak kanan yang selama ini tidak dikenal, atau lebih tepatnya tidak dipedulikan, peranannya di dalam berpikir dan pengaruhnya dalam hidup sehari-hari. Kebanyakan orang beranggapan bahwa bagian itu hanyalah bagian yang dimanfaatkan oleh para seniman dalam berkarya mengolah kreativitas. Ternyata fungsinya tidak hanya itu. Ketika orang mengaktifkan dan mendayagunakan otak kanannya, kualitas hidupnya, fisik dan psikis, ikut ditingkatkan.&#13;
Buku ini memaparkan seluk beluk otak kanan, bagaimana melatih mengaktifkannya-hal yang tidak diajarkan di sekolah, bahkan di masyarakat kita pun tidak. Anda juga akan dibantu untuk mengecek sejauh mana anda menggunakan otak anda, belahan kiri dan kanan, secara seimbang. Pemberdayaan ini sangat menentukan keseimbangan hidup anda, kualitas hidup anda.</subfield>
    </datafield>
    <datafield tag="990" ind1="#" ind2="#">
      <subfield code="a">06049983</subfield>
    </datafield>
    <datafield tag="990" ind1="#" ind2="#">
      <subfield code="a">06049984</subfield>
    </datafield>
  </record>
</collection>
